000 00459nam a2200181Ia 4500
001 20947
005 20260306172843.0
008 260306t2011||||xx |||||||||||||| ||spa||
041 _aESP
082 _a343.8C7
_bR71
100 _aRobles Moreno, Carmen del Pilar
_eAUT
245 0 _aCódigo tributario:
_bSumillado, concordado y stc
260 _c2011
300 _a364 páginas :
_c24 cm.
650 _aGEN
654 _aCCO
942 _cLIB
_dJUS
_fJUS
_2ddc
_n
999 _c20947
_d20947